Imperiale go-betweeners: Józef Dietl und Tomáš Garrigue Masaryk zwischen Imperium, Wissenschaft und Nationalpolitik
| Titel: | Imperiale go-betweeners: Józef Dietl und Tomáš Garrigue Masaryk zwischen Imperium, Wissenschaft und Nationalpolitik / Jan Surman |
|---|---|
| Verfasser: | |
| In: |
Eliten im Vielvölkerreich, (2015), Seite 311-337 alle Artikel anzeigen |
| Veröffentlicht: | 2015 |
| Umfang: | 2 Illustrationen, 3 Tabellen |
| Format: | Aufsatz |
| Sprache: | Deutsch |
X
alg: 47595039 001A $03025:22-02-21 001B $01999:10-05-21 $t09:31:55.000 001D $03025:22-02-21 001U $0utf8 001X $00 002@ $0Aou 002C $aText $btxt $2rdacontent 002D $aohne Hilfsmittel zu benutzen $bn $2rdamedia 002E $aBand $bnc $2rdacarrier 003@ $0475950399 007A $0475950399 $aHEB 010@ $ager 010E $erda 011@ $a2015 021A $aImperiale go-betweeners: Józef Dietl und Tomáš Garrigue Masaryk zwischen Imperium, Wissenschaft und Nationalpolitik $hJan Surman 028A $BVerfasser $#Surmann, Jan $4aut $71037100247 $8Surman, Jan$Z1983- [Tp3] $9325493650 031A $h311-337 $j2015 034M $a2 Illustrationen, 3 Tabellen 039B $aEnthalten in $8--Aau--. Eliten im Vielvölkerreich. - Berlin : De Gruyter Oldenbourg, 2015. - VII, 411 Seiten. - Illustrationen, Karten. - ISBN 3-11-041602-6 $x201500000000000689 $9358125367 044K $#Dietl, Josef $#Dietl, Józef $#Dietl, Joseph $#Dietl, Josephus $#Dietl, ... $#Dietl, Józef Konrad $7118981013 $8Dietl, Josef$Z1804-1878 [Tp1] $9087321319 044K $#Masaryk, Tomáš $#Masaryk, Tomáš Garigue $#Masaryk, Tomáš Garrique $#Masaryk, Tomáš G. $#Masaryk, Thomas Garrigue $#Masaryk, Thomas G. $#Masaryk, Th. G. $#Masaryk, Thomas $#Masaryk, Tomas Garrigue $#Masaryk, Tomás Garrigue $#Masaryk, Tomás G. $#Masaryk, T. G. $#Masaryk, T.G. $#Masaryk, T. Harrik $#Masaryk, Vlastimil Th. $#Masaryk, Vlastimil $#Masaryk, Tatiček $#Masarykov, Tomás G. $#Masarik, Tomaš Garrig $#Masarik, Tomaš G. $#Masarik, T. G. $#Masarik, T.G. $#Masarik, Tomash Garrig $#Masarik, Tomas $#Garrigue Masaryk, Thomas $#Garrigue Masaryk, Tomáš $#Masarikku, Tomasu Gerikku $#Harrik-Masaryk, T. $#T. G. M. $#T.G.M. $#TGM $#Ma Saike $#Ma, Saike $#Ma Sai ke $#Ma, Sai ke $#Masariku, T. G. $#Масарик, Томаш Гариг $#Масарик, Томаш Гариг $#Масарик, Томаш Гарріг $#馬塞克 $#马塞克 $#馬, 塞克 $#马, 塞克 $#マサリク, T. G. $7118578626 $8Masaryk, Tomáš Garrigue$Z1850-1937 [Tp1] $9086919636 044K $RÖsterreich $RÖsterreich-Ungarn $RErzherzogtum Österreich $#Österreich $#Österreich $#Österreich Zweite Republik $#Österreich Erste Republik $#Deutschösterreich $#Land Österreich $#Die @im Reichsrat Vertretenen Königreiche und Länder Österreich $#Zisleithanien $#Cisleithanien $#Habsburgermonarchie $#Habsburgerreich $#Ostmark Österreich $#Austrya $#Austrja $#Republik Österreich $#Bundesstaat Österreich $#Staat Deutschösterreich $#Kaisertum Österreich $#Kaiserthum Österreich $#Österreichische Monarchie $#Austria $#Autriche $#Ostmark $74043271-3 $8Österreich [Tgz] $9085120758 044K $RKader $ROberschicht $#Elite (Social sciences) $#Political leadership $#Élite (sciences sociales) $#Élite (sciences sociales) Éducation $#Classes dirigeantes $#Elite $#Élites $#Elite $#Elite $#Elitebildung $#Führungsgruppe $#Führungsschicht $#Eliten $74014457-4 $8Elite [Ts1] $9085032360 044K $RForschung $RPseudowissenschaft $RWissenschaftlichkeit $#Sciences $#Sciences $#Bürgerliche Wissenschaft $#Wissenschaften $74066562-8 $8Wissenschaft [Ts1] $9085187151 044K $RPolitische Bewegung $RNationalismus $REinheitsbewegung $RUnabhängigkeitsbewegung $#Separatist movements $#Mouvements autonomistes $#Nationale Bewegung $74171210-9 $8Nationalbewegung [Ts1] $9085787388 045F $a020.943809034 $eDDC23BSB 045F/01 $a020 045F/03 $f09034 045F/03 $f0904 045F/03 $g438 045F/03 $g437 045G $a909 $eDDC23BSB 045G/01 $a909 045G/03 $f09034 045G/03 $f0904 045G/03 $g438 045G/03 $g437 045R $aGeschichte 1840-1937 lok: 47595039 78 exp: 47595039 78 1 #EPN 201B/01 $022-02-21 $t11:03:51.000 201C/01 $022-02-21 201U/01 $0utf8 203@/01 $01142625648 204P/01 $010.1515/9783110416121-017 208@/01 $a22-02-21 $be 209A/01 $a/ $f000 $x00 209A/01 $ab*p $x01 220C/01 $apgar 244Z/01 $#Generalgouvernement Polen $#Polska $#Rzeczpospolita Polska $#Polska Rzeczpospolita Ludowa $#Poland $#Pologne $#République Polonaise $#Generalne Gubernatorstwo w Polsce $#Polish People's Republic $#Polska Rzeczpospolita Polen $#PRL $#RP $#Polen Generalgouvernement $#Polska Generalgouvernement $#Besetzte Polnische Gebiete $#Besetztes Gebiet in Polen $#Okupowane Polskie Obszary $#Obszary Okupowane w Polsce $#Volksrepublik Polen $#Polska Rosyjska $#Republic Polen $#Respublika Pol'ša $#Pol'skaja Narodnaja Respublika $#République de Pologne $#Polen Links der Weichsel $#Polska po Lewej Stronie Wisły $#Lenkija $#Polija $#Gubernija Carstva Pol'skago $#Republik Polen $74046496-9 $8--Tg1--Polen $x01 $9085129801 244Z/01 $#Böhmische Kronländer $#Länder der Böhmischen Krone $#Sudetenland $#Böhmen $#Mähren $#Mährisch-Schlesien $#Österreichisch-Schlesien $#Tschechische Sozialistische Republik Böhmische Länder $#Tschechei Böhmische Länder $#Země koruny české $74069573-6 $8--Tg1--Böhmische Länder $x02 $9085195553 247C/01 $82080>Marburg/Lahn, Herder-Institut, Forschungsbibliothek, Bibliographieportal $9336309341
| LEADER | 00000caa a2200000 c 4500 | ||
|---|---|---|---|
| 001 | 475950399 | ||
| 003 | DE-603 | ||
| 005 | 20210510093155.0 | ||
| 007 | tu | ||
| 008 | 210222s2015 xx |||| | u00||u|ger c | ||
| 035 | |a (DE-599)HEB475950399 | ||
| 040 | |a DE-603 |b ger |c DE-603 |d DE-603 |e rda | ||
| 041 | |a ger | ||
| 082 | 0 | 4 | |8 1\u |a 020.943809034 |q DE-101 |2 23/BSB |
| 083 | 0 | |8 2\u |a 909 |q DE-101 |2 23/BSB | |
| 085 | |8 1\u |b 020 | ||
| 085 | |8 1\u |z 1 |s 09034 | ||
| 085 | |8 1\u |z 1 |s 0904 | ||
| 085 | |8 1\u |z 2 |s 438 | ||
| 085 | |8 1\u |z 2 |s 437 | ||
| 085 | |8 2\u |b 909 | ||
| 085 | |8 2\u |z 1 |s 09034 | ||
| 085 | |8 2\u |z 1 |s 0904 | ||
| 085 | |8 2\u |z 2 |s 438 | ||
| 085 | |8 2\u |z 2 |s 437 | ||
| 100 | 1 | |a Surman, Jan |d 1983- |e Verfasser |4 aut |0 (DE-603)325493650 |0 (DE-588)1037100247 |2 gnd | |
| 245 | 0 | 0 | |a Imperiale go-betweeners: Józef Dietl und Tomáš Garrigue Masaryk zwischen Imperium, Wissenschaft und Nationalpolitik |c Jan Surman |
| 264 | 0 | |c 2015 | |
| 300 | |b 2 Illustrationen, 3 Tabellen | ||
| 336 | |a Text |b txt |2 rdacontent | ||
| 337 | |a ohne Hilfsmittel zu benutzen |b n |2 rdamedia | ||
| 338 | |a Band |b nc |2 rdacarrier | ||
| 600 | 1 | 7 | |a Dietl, Josef |d 1804-1878 |0 (DE-588)118981013 |0 (DE-603)087321319 |2 gnd |
| 600 | 1 | 7 | |a Masaryk, Tomáš Garrigue |d 1850-1937 |0 (DE-588)118578626 |0 (DE-603)086919636 |2 gnd |
| 648 | 7 | |a Geschichte 1840-1937 |2 gnd | |
| 650 | 7 | |a Elite |0 (DE-588)4014457-4 |0 (DE-603)085032360 |2 gnd | |
| 650 | 7 | |a Wissenschaft |0 (DE-588)4066562-8 |0 (DE-603)085187151 |2 gnd | |
| 650 | 7 | |a Nationalbewegung |0 (DE-588)4171210-9 |0 (DE-603)085787388 |2 gnd | |
| 651 | 7 | |a Österreich |0 (DE-588)4043271-3 |0 (DE-603)085120758 |2 gnd | |
| 773 | 0 | 8 | |i Enthalten in |t Eliten im Vielvölkerreich |d Berlin : De Gruyter Oldenbourg, 2015 |h VII, 411 Seiten, Illustrationen, Karten |z 3110416026 |z 9783110416022 |g (2015), Seite 311-337 |w (DE-603)358125367 |
| 924 | 0 | |9 2080 |a (DE-603)1142625648 |b DE-2080 |c HES |d d |g / | |


